000 00720nam a2200169 a 4500
008 100716s2010 ||||||||||||||||| || u
020 _a9789211302868
050 _aUN-ESA(02)
110 _aUnited Nations Economic and Social Affairs (UNESA)
245 1 0 _aAnalysing and measuring social inclusion in a global context
260 _aNew York
_bUnited Nations Economic and Social Affairs (UNESA)
_c2010
300 _ax, 68p. ;ill.
350 _a0.00
650 _aPUBLIC ECONOMIC INTEGRATION
650 0 _aINTERNATIONAL ECONOMIC INTEGRATION
995 _D0.00
_FCBU-MAIN LIBRARY (Kitwe)
_H1
_I0.00
_M1
_UAVAILABLE
_WAug 12, 2010
_ZInternational Publications
999 _c34186
_d34186